000 00936nam a22002897a 4500
003 CHAP
005 20220329134637.0
008 971013s1979 r 00010 d
010 _a23505
011 _a24477
035 _a28576
040 _cCHAP
082 _a633.2
_bC44
100 0 0 _aChessmore, Roy A.
_922179
245 _aProfitable pasture management
260 _aDanville, Ill. :
_bInterstate,
_c1979
300 _a424 p.
_b: ilus
590 _aBATCH-UPD
_b10
_c20130110
_lUCH01
_h0846
590 _aCONVERSION
_b10
_c20130109
_lUCH01
_h1314
650 1 4 _aPastizales
_xManejo.
_985944
650 1 4 _aPastos forrajeros.
_986094
901 _aBK
942 _cLIBRO
949 _a633.2 C44
_bBC
_cLIBRO
_d33724000197307
_eLIBRO
_h52085
_i28576
_si
_t494.00
949 _a633.2 C44
_bBC
_cLIBRO
_d33724000197315
_eLIBRO
_fc.2
_h52086
_i28576
_si
_t494.00
949 _a633.2 C44
_bBC
_cLIBRO
_d33724000197323
_eLIBRO
_fc.3
_h52098
_i28576
_si
_t494.00
999 _c23505
_d23505